The Prophecy - Taylor Swift (All Lyrics) - Statistics

General Stats
  • This quiz has been taken 1,453 times
    1,433 since last reset
  • The average score is 299 of 354
Answer Stats
Lyrics % Correct
I
99%
the
99%
a
98%
A
98%
be
98%
do
98%
my
98%
on
98%
prophecy
98%
prophecy?
98%
who
98%
Who
98%
Change
97%
change
97%
it
97%
Please
97%
(Please)
97%
so
97%
to
97%
To
97%
have
96%
knees
96%
me
96%
an
95%
been
95%
I've
95%
Just
95%
just
95%
speak
95%
want
95%
when
95%
but
94%
But
94%
Don't
94%
someone
94%
And
93%
and
93%
company
93%
can
92%
in
92%
in,
92%
money
92%
wants
92%
if
91%
Let
91%
like
91%
once
90%
they
90%
look
88%
Oh,
88%
oh)
88%
redo
88%
woman
88%
was
87%
beg
86%
Eve
86%
said
86%
wouldn't
86%
greater
85%
sky
85%
it's
84%
last
84%
got
83%
Hand
83%
hand
83%
About
82%
again
82%
looked
82%
of
82%
bottle
81%
gone
80%
bitten
79%
at
78%
I'm
77%
throttle
77%
moon
76%
Thought
76%
wolf
76%
punishment?
75%
caught
74%
cursed
73%
lightning
73%
table
73%
lost
72%
hope
71%
infant
71%
pen
71%
howl
70%
ink
70%
would've
70%
cool
69%
lesser
69%
even
68%
get
68%
No
68%
stays
68%
tell
68%
home
67%
made
67%
sinking
67%
(Sinking
67%
okay
66%
very
66%
they're
65%
wait
65%
afraid
64%
crumble
64%
drops
64%
statues
64%
written
64%
guess
63%
it'll
63%
has
62%
unstable
62%
will
62%
around
61%
shades
60%
sound
60%
Cards
59%
is
59%
faith
58%
fate
58%
sign
58%
soulmates
58%
Feeling
57%
coin
56%
paperweight
55%
sealed
55%
fable
54%
Gathered
54%
Spending
53%
'round
52%
him
51%
with
51%
fools
50%
out
50%
dream
49%
quicksand
49%
Mine
48%
still
47%
coven
45%
play
45%
Pad
44%
from
42%
greige
41%
pricked
39%
Slow
39%
sorceress'
39%
Ooh
38%
wound
37%
blood
35%
Poison
35%
No matching quizzes found
Score Distribution
Percent of People with Each Score
Percentile by Number Answered
Your Score History
You have not taken this quiz since the last reset